| 000 | 00621nam a2200193Ia 4500 | ||
|---|---|---|---|
| 003 | GCL | ||
| 008 | 140319s9999 xx 000 0 ara d | ||
| 040 |
_aGCL / _cGCL |
||
| 082 | 0 | 4 |
_a218.9 _bم ا |
| 100 | 1 | _aمحمد جلال كشك | |
| 245 | 1 | 0 |
_aانهم يذبحون المسلمين: مأساة المسلمين فى البوسنة والهرسك / _cمحمد جلال كشك |
| 260 |
_a[S.N] : _bمكتبة التراث الاسلامى ، _c1992 |
||
| 300 | _a166 ص | ||
| 490 | _a | ||
| 650 | 0 | 4 | _aالاسلام |
| 650 | 0 | 4 | _aالمسلمون |
| 650 | 0 | 4 | _aالبوسنة والهرسك |
| 942 |
_2ddc _cBK |
||
| 999 |
_c48325 _d48325 |
||